| 000 | 00919nam1a22002531i 4500 | ||
|---|---|---|---|
| 001 | v19\rc\1532176 | ||
| 005 | 20260406124149.0 | ||
| 035 | _a(NLR Aleph) 004651919 | ||
| 090 |
_a3433725 _c3433725 |
||
| 100 | _a20060620d18871895|||y0rusy50 ca | ||
| 101 | 0 | _arus | |
| 102 | _aRU | ||
| 105 | _ay z ||||| | ||
| 200 | 1 | _aОтчет о действиях... | |
| 210 |
_aКострома _d1887-1895 |
||
| 215 | _d24 | ||
| 311 | _aПрил. к "Костром. губ. вед." | ||
| 422 | 0 |
_12001#$aКостромские губернские ведомости _tКостромские губернские ведомости |
|
| 710 | 0 | 2 |
_aПучежский гор. общественный О. О. Сенькова банк _3RU\NLR\AUTH\8817018 _9307301 |
| 801 | 0 |
_aRU _bNLR _gpsbo |
|
| 801 | 0 |
_aRU _bRuMoRGB _2psbo |
|
| 801 | 1 |
_aRU _bProSoft-M _2rusmarc |
|
| 852 |
_aNLR (1886-1894*) _jШифры разные |
||
| 942 | _cBOOK | ||